30th annual report on the protection of the European Union’s financial interests Fight against fraud 2018: report from the Commission to the Europea

Bibliographic Details
Format: eBook
Language:English
Published: Bruselas: European Union Publications Office, 2019
Subjects:
Online Access:Acceso restringido

MARC

LEADER 00000nam a22000007a 4500
005 20220202212921.0
007 cr|||| ||||
008 220202s2019 eu |||||s||||i00||0 eng d
020 |a 978-92-76-08821-9 
035 |a 34745 
040 |a vLex 
090 |c 12901  |d 12901 
245 0 0 |a 30th annual report on the protection of the European Union’s financial interests  |h [Recurso electrn̤ico] :  |b Fight against fraud 2018: report from the Commission to the Europea 
256 |a Servicio en ln̕ea 
260 |a Bruselas:  |b European Union Publications Office,  |c 2019 
300 |a 1 recurso electrn̤ico 
500 |a This is the Commission’s 30th annual report on the protection of the EU’s financial interests and the fight against fraud (PIF Report). 
506 1 |a Disponible solo en los productos indicados  |d vLex Global  |d vLex Global (Academic Edition, excluding Law Schools)  |d vLex Global (U.S. Academic Edition, Law Schools)  |d vLex Global (U.S. Academic Edition, excluding Law Schools)  |d vLex Global (Academic Edition, Law Schools) 
650 0 4 |a Derecho Comunitario  |z Unin̤ Europea 
740 0 |a vLex Libros (Servicio en ln̕ea) 
856 4 0 |u https://app.vlex.com/#/sources/34745  |z Acceso restringido 
942 |c BOOK 
999 0 |a Community Law